000 04714nam a2201249 i 4500
001 C00629592
003 PE-LiUPU
005 20250813185720.0
007 ta
008 240307s2022 pe g 000 0 spa
020 _a9786124891601
040 _apelibn
_bspa
_erda
_cPE-LiUPU
_dPE-LiUPU
082 0 4 _a323.6
_bG963c
_223
100 1 _aGuimaray Molina, Joan,
_d1960-,
_eautor.
245 1 3 _aEl ciudadano :
_bconceptos básicos para la construcción de la ciudadanía /
_cJoan Guimaray
250 _aPrimera edición.
264 3 1 _aLima :
_bEditora Orfeo,
_c2022.
300 _a525 páginas ;
_c24 cm.
336 _aTexto
_2rdacontent
337 _asin mediación
_2rdamedia
338 _avolumen
_2rdacarrier
500 _a"Ensayo"--Cubierta.
500 _a"Libro del Bicentenario"--Cubierta.
504 _aBibliografía: páginas 521-525.
505 _aAdvertencia -- Gentil lector -- La república -- El Estado -- La nación -- El país -- La patria -- El gobierno -- La democracia -- La civilización -- La ciudad -- Naturaleza de la ciudad -- La ciudadanía -- El ciudadano -- El ejercicio ciudadano -- Inteligencia para el ejercicio ciudadano -- El ciudadano y el lenguaje -- El ciudadano y la comunicación -- El ciudadano y el idioma -- El ciudadano y la responsabilidad -- El ciudadano y la libertad -- El ciudadano y la democracia -- El ciudadano y la política -- El ciudadano y la educación -- El ciudadano abogado -- El ciudadano agente de seguridad -- El ciudadano conductor de la ambulancia -- El ciudadano ambulante -- El ciudadano en el autobús -- El ciudadano bodeguero -- El ciudadano bombero -- El ciudadano en la calle -- El ciudadano con celular -- El ciudadano chofer -- El ciudadano cobrador de autobús -- El ciudadano consumidor -- El ciudadano cristiano -- El ciudadano discapacitado -- El ciudadano del restaurante -- El ciudadano editor -- El ciudadano emolientero -- El ciudadano empleado público -- El ciudadano esnob o amante de la moda -- El ciudadano fiscal -- El ciudadano frente a otros -- El ciudadano futbolista -- El ciudadano heladero -- El ciudadano homosexual -- El ciudadano joven -- El ciudadano juez -- El ciudadano locutor -- El ciudadano lustrador de calzado -- La ciudadana madre -- El ciudadano con 'mascota' -- El ciudadano médico -- El ciudadano migrante -- El ciudadano militar -- El ciudadano con monopatín -- El ciudadano padre -- El ciudadano en el parque -- El ciudadano periodista -- El ciudadano policía -- El ciudadano político -- El ciudadano profesor -- El ciudadano recepcionista -- El ciudadano sereno -- El ciudadano taxista – El ciudadano universitario.
526 _aP202
526 _aP201
526 _aP163
526 _aP162
526 _aP161
526 _aP160
526 _aP148
526 _aP147
526 _aP146
526 _aP145
526 _aP144
526 _aP143
526 _aP142
526 _aP141
526 _aP140
526 _aP139
526 _aP138
526 _aP137
526 _aP136
526 _aP135
526 _aP134
526 _aP133
526 _aP129
526 _aP128
526 _aP127
526 _aP120
526 _aP119
526 _aP118
526 _aP116
526 _aP115
526 _aP114
526 _aP110
526 _aP109
526 _aP108
526 _aP104
526 _aP103
526 _aP102
526 _aP99
526 _aP98
526 _aP97
526 _aP96
526 _aP95
526 _aP93
526 _aP90
526 _aP89
526 _aP88
526 _aP83
526 _aP82
526 _aP62
526 _aP59
526 _aP58
526 _aP57
526 _aP51
526 _aP49
526 _aP48
526 _aP47
526 _aP29
526 _aP24
526 _aP20
526 _aP19
526 _aP17
526 _aP15
526 _aP14
526 _aP12
526 _aP10
526 _aP09
526 _aP08
526 _aP07
526 _aP06
526 _aP05
526 _aP04
526 _aP01
650 1 8 _aCiudadanía
_vEnsayos, conferencias, etc.
650 2 8 _aCiudadanía
_xAspectos sociales.
650 2 8 _aDemocracia
_vEnsayos, conferencias, etc.
650 2 8 _aCiencia política
_vEnsayos, conferencias, etc.
942 _2ddc
_cBK
_n0
980 _618226
_aJaime Vilcazán Jefe de Análisis Documental
_81
_gALBERTO SANCHEZ Responsable de Automatización
999 _c62925
_d62924